Itinerari : la platja de la Ribera : guia del professor / [redacció: Lluís del Cerro i Ramon, Flora Portas i Grau] la platja de la Ribera :
Publicado:
Barcelona :
Caixa de Barcelona. Obra Social : Diputació de Barcelona. Servei del Medi Ambient ,
1983
Descripción Física:
54 p. : il. ; 21 cm
MARC
| LEADER | 00000nam a2200000Ia 4500 | ||
|---|---|---|---|
| 001 | 17949 | ||
| 008 | 160829s1983 xx 000 0 cat d | ||
| 080 | |a C-2-469 | ||
| 245 | |a Itinerari : |b la platja de la Ribera : |b guia del professor / [redacció: |b Lluís del Cerro i Ramon, Flora Portas i Grau] | ||
| 260 | |a Barcelona : |b Caixa de Barcelona. Obra Social : |b Diputació de Barcelona. Servei del Medi Ambient, |c 1983 | ||
| 300 | |a 54 p. : |b il. ; |c 21 cm | ||
| 590 | |a A la coberta: Centre d'Estudis del Mar | ||
| 650 | |a Ribera, Platja de la (Barcelona) |x Manuals, guies, etc. |9 23907 | ||
| 700 | |a Cerro i Ramon, Lluís del |9 1952 | ||
| 700 | |a Portas, Flora |9 23911 | ||
| 710 | 2 | |a Centre d'Estudis del Mar |9 52945 | |
| 710 | 1 | |a Barcelona (Catalunya : Província). |b Servei de Medi Ambient |9 53475 | |
| 710 | 2 | |a Caixa de Barcelona. |b Obra Social |9 54856 | |
| 901 | |a Arxiu | ||
| 942 | |n 1 | ||
| 952 | |0 0 |1 0 |4 0 |6 C2469 |7 1 |9 42915 |a Arxiu |b Arxiu |d 2016-12-01 |l 0 |o C-2-469 |p 17949 |r 2016-12-01 00:00:00 |w 2016-12-01 |y ARXIU | ||
| 999 | |c 45421 |d 45421 | ||